| Tag |
First Indicator |
Second Indicator |
Subfields |
| LEADER |
00000nam a2200000 i 4500 |
| 001 |
in00004553521 |
| 003 |
OCoLC |
| 005 |
20220203120604.3 |
| 006 |
m o d |
| 007 |
cr ||||||||||| |
| 008 |
210726s2022 mdu ob 001 0 eng |
| 010 |
|
|
|a 2021036209
|
| 024 |
8 |
|
|a 40030945794
|
| 040 |
|
|
|a DLC
|b eng
|e rda
|c DLC
|d OCLCO
|d OCLCF
|d OCLCA
|d OCLCQ
|d UKAHL
|d YDX
|
| 020 |
|
|
|a 9781538143995
|q electronic book
|
| 020 |
|
|
|a 1538143992
|q electronic book
|
| 020 |
|
|
|z 9781538143971
|q hardcover
|
| 020 |
|
|
|z 9781538143988
|q paperback
|
| 035 |
|
|
|a (OCoLC)1262694725
|
| 042 |
|
|
|a pcc
|
| 050 |
|
4 |
|a HT1521
|b .H265 2022
|
| 082 |
0 |
0 |
|a 305.809
|2 23
|
| 100 |
1 |
|
|a Halley, Jean O'Malley,
|d 1967-
|e author.
|
| 245 |
1 |
0 |
|a Seeing white :
|b an introduction to white privilege and race /
|c Jean Halley, City University of New York, Amy Eshleman, Wagner College, Ramya Mahadevan Vijaya, Stockton University.
|
| 250 |
|
|
|a Second edition.
|
| 264 |
|
1 |
|a Lanham, Maryland :
|b Rowman & Littlefield,
|c [2022]
|
| 300 |
|
|
|a 1 online resource.
|
| 336 |
|
|
|a text
|b txt
|2 rdacontent
|
| 337 |
|
|
|a computer
|b c
|2 rdamedia
|
| 338 |
|
|
|a online resource
|b cr
|2 rdacarrier
|
| 504 |
|
|
|a Includes bibliographical references and index.
|
| 588 |
|
|
|a Description based on online resource; title from digital title page (viewed on February 03, 2022).
|
| 650 |
|
0 |
|a Race awareness.
|
| 650 |
|
0 |
|a White people
|x Race identity.
|
| 650 |
|
0 |
|a Race discrimination.
|
| 650 |
|
7 |
|a Race awareness.
|2 fast
|0 (OCoLC)fst01086455
|
| 650 |
|
7 |
|a Race discrimination.
|2 fast
|0 (OCoLC)fst01086465
|
| 650 |
|
7 |
|a Whites
|x Race identity.
|2 fast
|0 (OCoLC)fst01174825
|
| 655 |
|
7 |
|a Electronic books.
|2 local
|
| 700 |
1 |
|
|a Eshleman, Amy,
|d 1974-
|e author.
|
| 700 |
1 |
|
|a Vijaya, Ramya Mahadevan,
|d 1974-
|e author.
|
| 710 |
2 |
|
|a ProQuest (Firm)
|
| 776 |
1 |
8 |
|i Print version:
|a Halley, Jean O'Malley, 1967-
|t Seeing white.
|b Second edition.
|d Lanham, Maryland : Rowman & Littlefield, [2022]
|z 9781538143971
|w (DLC) 2021036208
|
| 856 |
4 |
0 |
|u https://ebookcentral.proquest.com/lib/tamucs/detail.action?docID=6823241
|z Connect to the full text of this electronic book
|t 0
|
| 945 |
|
|
|b 190111
|
| 955 |
|
|
|a YBP purchased approval e-records
|
| 980 |
|
|
|b ebook
|c 40030945794
|f NONFIC/B
|g 565751
|k USD
|m 219.00
|q 1
|s AcqMono Conventional
|t Approval plan
|u Vendor order reference number
|v ZYBP
|y E-approvals
|z Electronic resource
|
| 999 |
f |
f |
|i 79d6a1a1-884e-43e6-872e-0ecc9bb44f20
|s 7c36ffab-ba4a-4e1a-997f-4dd125c9ea22
|t 0
|
| 952 |
f |
f |
|a Texas A&M University
|b College Station
|c Electronic Resources
|s www_evans
|d Available Online
|t 0
|e HT1521 .H265 2022
|h Library of Congress classification
|